000 00647 a2200205 4500
999 _c9972
_d9972
050 _aKTZ 21.85 SMI 1974
100 _aSmith, L.G.
_eauthor
245 _aThe statute law of Rhodesia :
_bVlm 3 (100-135) /
_cL.G. Smith, J.A.R. Giles...et al
250 _aRev ed.
264 _aZimbabwe:
_bGovernment Printer,
_c1974
300 _a570p.:
500 _aIncludes index
650 _aAgriculture
650 _aAnimals , plants and forestry
650 _aAgriculture development authority
700 _aGiles, J.A.R.
_eauthor
700 _aJarvis, E.W.G
_eauthor
700 _aSmith, E.A.T.
_eauthor
942 _2lcc
_cSERIALS
_eRev ed.
_h21.85
_iSMI
_kKT